Normal view
MARC view
- Esposo, Rey Chaeser Fyerra.
Entry Personal Name
001 - CONTROL NUMBER
- control field: 5755
003 - CONTROL NUMBER IDENTIFIER
- control field: OSt
005 - DATE AND TIME OF LATEST TRANSACTION
- control field: 20160416132339.0
008 - FIXED-LENGTH DATA ELEMENTS
- fixed length control field: 160416|| aca||aabn | a|a d
040 ## - CATALOGING SOURCE
- Original cataloging agency: OSt
100 ## - HEADING--PERSONAL NAME
- Personal name: Esposo, Rey Chaeser Fyerra.
